| 000 | 01222nab a22002777a 4500 | ||
|---|---|---|---|
| 999 |
_c5631 _d5631 |
||
| 003 | OSt | ||
| 005 | 20251223003033.0 | ||
| 008 | 190429b xxu||||| |||| 00| 0 spa d | ||
| 040 | _cPJ | ||
| 100 |
_96495 _aFrega, Leonardo |
||
| 245 | 1 | 3 |
_aEl derecho a ser oído. Ropaje convencional protectorio del niño e inhibitorio de la persecución penal /
_cLeonardo Frega. |
| 260 |
_cCiudad Autónoma de Buenos Aires : _aThomson Reuters La Ley, _b2025. |
||
| 300 | _ap. 225-228 | ||
| 500 | _aCita: TR LALEY AR/DOC/2853/2025. | ||
| 505 | _aFallo comentado: Juzg. Resp. Pen. Juv. Catamarca Nro 1 ~ 07/05/2025 ~ Expte. N.° 20/25. | ||
| 505 | _tSi te interesa el texto completo, solicitalo a koha@justierradelfuego.gov.ar | ||
| 650 | 0 |
_9343 _aDERECHO PENAL |
|
| 650 | 0 |
_92348 _aPROCESO PENAL |
|
| 650 | 0 |
_92741 _aDERECHOS DE LAS NIÑAS, NIÑOS Y ADOLESCENTES |
|
| 650 | 0 |
_94097 _aINTERES SUPERIOR DEL NIÑO |
|
| 650 | 0 |
_94378 _aDERECHO A SER OÍDO |
|
| 650 | 0 |
_92781 _aDECLARACIÓN INDAGATORIA |
|
| 650 | 0 |
_96097 _aLESIONES LEVES |
|
| 773 | 0 |
_02658 _93164 _tRevista de derecho penal y criminología. Nº 11 - Diciembre 2025 _dCiudad Autónoma de Buenos Aires : Thomson Reuters La Ley, 2017- _x00347914 |
|
| 942 |
_2udc _cANA |
||